000 00404cam a22001097a 4500
008 180718b2000 xxu||||| |||| 00| 0 eng d
100 _aFink, Carsten
245 _aHow stronger patent protection in India might affect the behavior of transnational pharmaceutical industries
_cby Carsten Fink
260 _aWashington, D.C.
_bWorld Bank
_c2000
300 _a44p.
440 _aPolicy research working paper 2352
999 _c284946
_d284946